Welcome to WEB OPAC of MRSPTU Central Library

Principles of Electric Machines with Power Electronic Applications (Record no. 6585)

MARC details
000 -LEADER
fixed length control field 00468nam a2200169Ia 4500
008 - FIXED-LENGTH DATA ELEMENTS--GENERAL INFORMATION
fixed length control field 230711s9999||||xx |||||||||||||| ||und||
020 ## - INTERNATIONAL STANDARD BOOK NUMBER
International Standard Book Number 978-81-265-2933-9
041 ## - LANGUAGE CODE
Language code of text/sound track or separate title ENG
082 ## - DEWEY DECIMAL CLASSIFICATION NUMBER
Classification number 621.31042
Item number HA-P
100 ## - MAIN ENTRY--PERSONAL NAME
Personal name El-Hawary,Mohamed E
245 #0 - TITLE STATEMENT
Title Principles of Electric Machines with Power Electronic Applications
250 ## - EDITION STATEMENT
Edition statement 2nd Ed.
260 ## - PUBLICATION, DISTRIBUTION, ETC.
Date of publication, distribution, etc. 2014
Place of publication, distribution, etc. New Delhi
Name of publisher, distributor, etc. Wiley India Pvt.Ltd
300 ## - PHYSICAL DESCRIPTION
Extent 483p.
650 ## - SUBJECT ADDED ENTRY--TOPICAL TERM
Topical term or geographic name entry element Electrical Engineering
942 ## - ADDED ENTRY ELEMENTS (KOHA)
Koha item type Book
Holdings
Withdrawn status Lost status Damaged status Not for loan Collection Home library Current library Date acquired Source of acquisition Cost, normal purchase price Inventory number Total checkouts Full call number Barcode Date last seen Price effective from Koha item type
          MRSPTU Central Library MRSPTU Central Library 08/01/2043 Krishna Book Distributors 699.00 KBD/2017-2018/1018843059   621.31042 HA-P 39080 08/17/2023 08/17/2023 Book
          MRSPTU Central Library MRSPTU Central Library 08/01/2043 Krishna Book Distributors 699.00 KBD/2017-2018/1018843059   621.31042 HA-P 39081 08/17/2023 08/17/2023 Book
          MRSPTU Central Library MRSPTU Central Library 08/01/2043 Krishna Book Distributors 699.00 KBD/2017-2018/1018843059   621.31042 HA-P 39082 08/17/2023 08/17/2023 Book
          MRSPTU Central Library MRSPTU Central Library 08/01/2043 Krishna Book Distributors 699.00 KBD/2017-2018/1018843059   621.31042 HA-P 39083 08/17/2023 08/17/2023 Book
          MRSPTU Central Library MRSPTU Central Library 08/01/2043 Krishna Book Distributors 699.00 KBD/2017-2018/1018843059   621.31042 HA-P 39084 08/17/2023 08/17/2023 Book

Website Designed and Developed by MRSPTU Central Library Team

E-mail Id: librarian@mrsptu.ac.in